000 00604cam a2200229 i 4500
001 4190754
005 20180123041658.0
008 801124s1981 mau 001 0aeng
010 _a 80027373
020 _a0395305098 :
_c$16.95
020 _a0395311357 (special ed.) :
_c$35.00
040 _aDLC
_cDLC
_dDLC
041 _aeng
043 _an-us---
080 _a330.0924
082 0 0 _a330.0924 GAL
_aB
_219
100 1 _a19
101 _aSHP
245 1 2 _aA life in our times :
_cJohn Kenneth Galbraith.
906 _a7
_bcbc
_corignew
_du
_eocip
_f19
_gy-gencatlg
942 _2ddc
_cBK
999 _c40733
_d40733